| 000 | 00521nam a2200181Ia 4500 | ||
|---|---|---|---|
| 001 | 23494 | ||
| 005 | 20260414150941.0 | ||
| 008 | 260414t2016||||xx |||||||||||||| ||spa|| | ||
| 041 | _aESP | ||
| 082 |
_a650.12 _bI49 |
||
| 100 |
_aIndacochea Cáceda, Alejandro _eAUT |
||
| 245 | 0 |
_aEstrategia para el éxito de los negocios : _bla prospectiva empresarial: más allá del planeamiento estratégico |
|
| 260 | _c2016 | ||
| 300 |
_a320 páginas : _c25 cm. |
||
| 650 | _aGEN | ||
| 654 | _aCCO | ||
| 942 |
_cLIB _dJUS _fJUS _2ddc _n |
||
| 999 |
_c23494 _d23494 |
||